Analyzátor prevádzky siete = Traffic network analyzer : Dipl.práca

Gespeichert in:
Bibliographische Detailangaben
1. Verfasser: Gregor, Pavol (Verfasst von)
Weitere Verfasser: Kotočová, Margaréta (Betreuung Doktorarbeit), Dekýš, Peter (Betreuung Doktorarbeit)
Format: Manuskript Buch
Sprache:Slowakisch
Veröffentlicht: Bratislava : STU v Bratislave FEI, 1999
Schlagworte:
Tags: Tag hinzufügen
Keine Tags, Fügen Sie das erste Tag hinzu!

MARC

LEADER 00000ntm a22000003a 4500
001 stu50404
005 20180423123502.7
008 990722s1999------------------------slo-d
040 |a STU  |b slo 
041 0 |a slo 
100 1 |a Gregor, Pavol  |4 aut 
245 1 |a Analyzátor prevádzky siete = Traffic network analyzer :  |b Dipl.práca 
260 |a Bratislava :  |b STU v Bratislave FEI,  |c 1999 
300 |a 62 s., CD-ROM 
650 7 |a informatika  |2 stusub 
700 1 |a Kotočová, Margaréta  |4 ths  |u 070100  |U FIIT Fakulta informatiky a informačných technológií  |T FIIT Ústav počítačových systémov a sietí  |X 2014  |U I100  |Y 178  |7 A000002014 
700 1 |a Dekýš, Peter  |4 ths 
996 |c I*DP76/99  |l II680  |s P  |a 0  |w stu50404_0001